[Event "FRA-ch Accession"]
[Site "Albi"]
[Date "2022.08.20"]
[Round "8"]
[White "Bournel, Antoine"]
[Black "Giroyan, Gary"]
[Result "0-1"]
[WhiteElo "2322"]
[BlackElo "2412"]
[PlyCount "102"]
[EventDate "2022.08.13"]
[EventType "swiss"]
[EventRounds "9"]
[EventCountry "FRA"]
[SourceTitle "CBM 210 Extra"]
[Source "ChessBase"]
[SourceDate "2022.11.30"]
[SourceVersion "1"]
[SourceVersionDate "2022.11.30"]
[SourceQuality "1"]

1. d4 Nf6 2. c4 g6 3. Nc3 Bg7 4. e4 d6 5. Nf3 0-0 6. Be2 e5 7. Be3 Na6 8. 0-0 c6 9. d5 Ng4 10. Bg5 f6 11. Bh4 c5 12. a3 h5 13. h3 Nh6 14. Bg3 Bd7 15. Nh4 Be8 16. Qd2 Kh7 17. Bd3 Nf7 18. f4 Bh6 19. Ne2 Nc7 20. b4 a5 21. bxc5 Na6 22. cxd6 Qxd6 23. Qc3 Nc5 24. Bc2 b5 25. Kh1 bxc4 26. Qxc4 Bd7 27. fxe5 fxe5 28. Rf2 Rac8 29. Qa2 Ng5 30. Rxf8 Rxf8 31. Nc3 Bxh3 32. gxh3 Qd7 33. Nf5 gxf5 34. exf5 e4 35. Rf1 Rxf5 36. Qc4 Rf3 37. Rxf3 Qxh3+ 38. Kg1 Nxf3+ 39. Kf2 Nd2 40. Qe2 h4 41. Nxe4 Qf5+ 42. Kg1 Ncxe4 43. Bxe4 Nxe4 44. Bxh4 Qxd5 45. Qf3 a4 46. Be1 Kg6 47. Bh4 Bg5 48. Be1 Be7 49. Qe2 Bc5+ 50. Kf1 Ng3+ 51. Bxg3 Qh1# 0-1

[Event "FRA-ch Accession"]
[Site "Albi"]
[Date "2022.08.16"]
[Round "4"]
[White "Giroyan, Gary"]
[Black "Bacrot, Alexandre"]
[Result "0-1"]
[WhiteElo "2412"]
[BlackElo "2344"]
[PlyCount "71"]
[EventDate "2022.08.13"]
[EventType "swiss"]
[EventRounds "9"]
[EventCountry "FRA"]
[SourceTitle "CBM 210 Extra"]
[Source "ChessBase"]
[SourceDate "2022.11.30"]
[SourceVersion "1"]
[SourceVersionDate "2022.11.30"]
[SourceQuality "1"]

1. e4 e5 2. Nf3 Nc6 3. Bb5 a6 4. Ba4 Nge7 5. c3 g6 6. d4 exd4 7. cxd4 b5 8. Bc2 d6 9. d5 Na5 10. Bd2 c5 11. Bc3 Rg8 12. Ng5 Bg7 13. Qf3 Bxc3+ 14. Nxc3 Nf5 15. exf5 Qxg5 16. Ne4 Qe7 17. 0-0 Bxf5 18. Nxc5 Nc4 19. Bxf5 gxf5 20. Rae1 Ne5 21. Qxf5 Kf8 22. Ne6+ Ke8 23. Nd4 Qa7 24. Nc6 Qd7 25. Qf6 Kf8 26. Nxe5 dxe5 27. Rxe5 Re8 28. Qh6+ Rg7 29. Rg5 f5 30. Qf6+ Kg8 31. Rxg7+ Qxg7 32. Qxg7+ Kxg7 33. Rd1 Re7 34. g3 Kf7 35. d6 Rd7 36. Kg2 0-1

[Event "FRA-ch Blitz"]
[Site "Port Marly"]
[Date "2022.05.28"]
[Round "10"]
[White "Giroyan, Gary"]
[Black "Mirimanian, Hayk"]
[Result "1/2-1/2"]
[WhiteElo "2406"]
[BlackElo "2218"]
[PlyCount "35"]
[EventDate "2022.05.28"]
[EventType "swiss (blitz)"]
[EventRounds "13"]
[EventCountry "FRA"]
[SourceTitle "CBM 208 Extra"]
[Source "ChessBase"]
[SourceDate "2022.07.31"]
[SourceVersion "1"]
[SourceVersionDate "2022.07.31"]
[SourceQuality "1"]

1. e4 c5 2. Nf3 e6 3. d4 cxd4 4. Nxd4 Nf6 5. Nc3 Nc6 6. Ndb5 Bb4 7. a3 Bxc3+ 8. Nxc3 d5 9. exd5 Nxd5 10. Nxd5 exd5 11. Bd3 Qe7+ 12. Qe2 Qxe2+ 13. Kxe2 Bf5 14. Bxf5 Nd4+ 15. Kd3 Nxf5 16. Bf4 Kd7 17. Rhe1 Rhe8 18. a4 1/2-1/2

[Event "Titled Tuesday intern op 17th Aug"]
[Site "Chess.com INT"]
[Date "2021.08.17"]
[Round "1"]
[White "Giroyan, Gary"]
[Black "Esenbek Uulu, Ilimbek"]
[Result "1-0"]
[WhiteElo "2403"]
[BlackElo "2150"]
[PlyCount "41"]
[EventDate "2021.08.17"]
[EventType "swiss (blitz)"]
[EventRounds "11"]
[EventCountry "USA"]
[SourceTitle "EXT 2022"]
[Source "ChessBase"]
[SourceDate "2021.10.06"]
[SourceVersion "1"]
[SourceVersionDate "2021.10.06"]
[SourceQuality "1"]

1. d4 Nf6 2. c4 e6 3. Nc3 Bb4 4. e3 0-0 5. Bd3 b6 6. Nf3 Bb7 7. 0-0 c5 8. d5 Bxc3 9. bxc3 exd5 10. cxd5 Bxd5 11. c4 Be4 12. Bb2 Bxd3 13. Qxd3 Nc6 14. Rad1 Rc8 15. Ng5 g6 16. Qc3 h6 17. Nf3 d5 18. cxd5 Nb4 19. Qxf6 Qxf6 20. Bxf6 Nxa2 21. d6 1-0

[Event "Titled Tuesday intern op 17th Aug"]
[Site "Chess.com INT"]
[Date "2021.08.17"]
[Round "8"]
[White "Giroyan, Gary"]
[Black "Roman, Rodrigo"]
[Result "0-1"]
[WhiteElo "2403"]
[BlackElo "2071"]
[PlyCount "58"]
[EventDate "2021.08.17"]
[EventType "swiss (blitz)"]
[EventRounds "11"]
[EventCountry "USA"]
[SourceTitle "EXT 2022"]
[Source "ChessBase"]
[SourceDate "2021.10.06"]
[SourceVersion "1"]
[SourceVersionDate "2021.10.06"]
[SourceQuality "1"]

1. e4 a6 2. d4 b5 3. Bd3 Bb7 4. Qe2 Nf6 5. Nf3 e6 6. Bg5 Be7 7. Nbd2 d5 8. e5 Nfd7 9. h4 c5 10. c3 c4 11. Bc2 Nc6 12. Qe3 h6 13. Bxe7 Qxe7 14. g4 b4 15. g5 a5 16. g6 f6 17. Ba4 0-0 18. Bxc6 Bxc6 19. Nf1 fxe5 20. Nxe5 Nxe5 21. Qxe5 bxc3 22. bxc3 Qa3 23. Qe3 Qb2 24. Rd1 Ba4 25. Rd2 Qb1+ 26. Ke2 Bc2 27. Ng3 Bd3+ 28. Rxd3 cxd3+ 29. Qxd3 Rxf2+ 0-1

[Event "Titled Tuesday intern op 10th Aug"]
[Site "Chess.com INT"]
[Date "2021.08.10"]
[Round "7"]
[White "Briscoe, Christopher"]
[Black "Giroyan, Gary"]
[Result "0-1"]
[WhiteElo "2192"]
[BlackElo "2403"]
[PlyCount "74"]
[EventDate "2021.08.10"]
[EventType "swiss (blitz)"]
[EventRounds "11"]
[EventCountry "USA"]
[SourceTitle "CBM 203 Extra"]
[Source "ChessBase"]
[SourceDate "2021.09.30"]
[SourceVersion "1"]
[SourceVersionDate "2021.09.30"]
[SourceQuality "1"]

1. e4 c5 2. Nf3 d6 3. d4 cxd4 4. Nxd4 Nf6 5. Nc3 a6 6. Bg5 Nbd7 7. Bc4 Qc7 8. Bb3 e6 9. Qe2 Nc5 10. 0-0-0 Be7 11. f4 b5 12. e5 dxe5 13. fxe5 Nd5 14. Bxe7 Nxc3 15. bxc3 Qxe7 16. Nc6 Qg5+ 17. Kb2 Bb7 18. h4 Qf4 19. Rd4 Qh6 20. Na5 0-0 21. Nxb7 Nxb7 22. Rf1 Rad8 23. Rdf4 Rd7 24. Qg4 Qg6 25. Bxe6 Qxg4 26. Bxg4 Re7 27. e6 f6 28. Rd1 Nc5 29. Re1 g6 30. Rd4 f5 31. Bf3 Kg7 32. Bd5 Rd8 33. Bb3 Rde8 34. Rd6 a5 35. Bd5 Na4+ 36. Kc1 Nxc3 37. Bf3 Kf6 0-1

[Event "Titled Tuesday intern op 10th Aug"]
[Site "Chess.com INT"]
[Date "2021.08.10"]
[Round "4"]
[White "Daianu, Cristian Clement"]
[Black "Giroyan, Gary"]
[Result "1-0"]
[WhiteElo "2169"]
[BlackElo "2403"]
[PlyCount "107"]
[EventDate "2021.08.10"]
[EventType "swiss (blitz)"]
[EventRounds "11"]
[EventCountry "USA"]
[SourceTitle "CBM 203 Extra"]
[Source "ChessBase"]
[SourceDate "2021.09.30"]
[SourceVersion "1"]
[SourceVersionDate "2021.09.30"]
[SourceQuality "1"]

1. e4 c5 2. Nf3 d6 3. d4 cxd4 4. Nxd4 Nf6 5. Nc3 a6 6. Qf3 e6 7. g4 Be7 8. g5 Nfd7 9. h4 Qc7 10. h5 0-0 11. Be3 b5 12. 0-0-0 Bb7 13. Bh3 Nc5 14. g6 b4 15. gxf7+ Rxf7 16. Nxe6 Rxf3 17. Nxc7 bxc3 18. Nxa8 Bxa8 19. Bxc5 dxc5 20. Be6+ Kf8 21. h6 cxb2+ 22. Kxb2 Bxe4 23. hxg7+ Kxg7 24. Bd5 Bxd5 25. Rxd5 Rxf2 26. Rg1+ Kf7 27. Rh5 Bf6+ 28. Kb1 Nd7 29. Rxh7+ Ke6 30. Re1+ Ne5 31. Ra7 Kf5 32. Rxa6 Nc4 33. Ra4 Nd2+ 34. Kc1 Bg5 35. Kb2 Bf6+ 36. Kc1 c4 37. Ra5+ Kf4 38. Rd5 c3 39. Rd3 Ne4 40. a4 Bg5 41. Kb1 Rh2 42. a5 Bf6 43. a6 Rh7 44. Rd5 Ra7 45. Ra5 Bd4 46. Ra4 Rd7 47. a7 Rxa7 48. Rxd4 Re7 49. Ka2 Kf5 50. Rf1+ Ke5 51. Rxe4+ Kxe4 52. Re1+ Kd4 53. Rxe7 Kc4 54. Rd7 1-0

[Event "Titled Tuesday intern op 10th Aug"]
[Site "Chess.com INT"]
[Date "2021.08.10"]
[Round "6"]
[White "Tanaka, Taira Tyler"]
[Black "Giroyan, Gary"]
[Result "0-1"]
[WhiteElo "2099"]
[BlackElo "2403"]
[PlyCount "76"]
[EventDate "2021.08.10"]
[EventType "swiss (blitz)"]
[EventRounds "11"]
[EventCountry "USA"]
[SourceTitle "CBM 203 Extra"]
[Source "ChessBase"]
[SourceDate "2021.09.30"]
[SourceVersion "1"]
[SourceVersionDate "2021.09.30"]
[SourceQuality "1"]

1. Nf3 Nf6 2. g3 g6 3. Bg2 Bg7 4. 0-0 0-0 5. c4 d6 6. d4 Nc6 7. Nc3 Bg4 8. d5 Bxf3 9. exf3 Na5 10. Qd3 c5 11. Bd2 a6 12. a4 Nd7 13. f4 Nb6 14. Rae1 Nbxc4 15. Bc1 b5 16. axb5 axb5 17. f5 b4 18. Ne4 Nxb2 19. Qf3 Nac4 20. Bg5 Ra3 21. Qg4 Ne5 22. Qh4 f6 23. Bh6 gxf5 24. Nd2 Rd3 25. f4 Ng6 26. Qh5 Rxd2 27. Bh3 Rxd5 28. g4 Bxh6 29. Qxh6 fxg4 30. Bxg4 Rd4 31. Re3 e5 32. Be6+ Kh8 33. f5 Rh4 34. Rh3 Rxh6 35. Rxh6 Nf4 36. Rxh7+ Kxh7 37. Rxf4 exf4 38. Bg8+ Rxg8+ 0-1

[Event "Titled Tuesday intern op 18th May"]
[Site "Chess.com INT"]
[Date "2021.05.18"]
[Round "7"]
[White "Giroyan, Gary"]
[Black "Jian, Alex"]
[Result "1-0"]
[WhiteElo "2403"]
[BlackElo "2089"]
[PlyCount "69"]
[EventDate "2021.05.18"]
[EventType "swiss (blitz)"]
[EventRounds "11"]
[EventCountry "USA"]
[SourceTitle "CBM 202 Extra"]
[Source "ChessBase"]
[SourceDate "2021.07.31"]
[SourceVersion "1"]
[SourceVersionDate "2021.07.31"]
[SourceQuality "1"]

1. e4 c5 2. Nf3 Nc6 3. d4 cxd4 4. Nxd4 Nf6 5. Nc3 e5 6. Ndb5 d6 7. Nd5 Nxd5 8. exd5 Nb8 9. a4 Be7 10. Be2 0-0 11. 0-0 f5 12. f4 Nd7 13. Be3 a6 14. Na3 exf4 15. Bd4 Ne5 16. Rxf4 Bf6 17. Nc4 Nxc4 18. Bxc4 Be5 19. Rf2 Qh4 20. Bxe5 dxe5 21. Bb3 Bd7 22. Qd2 Kh8 23. Re1 Rae8 24. c4 e4 25. c5 f4 26. Qd4 e3 27. Rxe3 fxe3 28. Rxf8+ Rxf8 29. Qxh4 e2 30. Qe1 Rf1+ 31. Qxf1 exf1Q+ 32. Kxf1 Kg8 33. c6 Bc8 34. d6+ Kf8 35. d7 1-0

[Event "FRA-chT Top 12"]
[Site "Brest"]
[Date "2019.05.24"]
[Round "7.6"]
[White "Maze, Sebastien"]
[Black "Giroyan, Gary"]
[Result "1-0"]
[WhiteElo "2579"]
[BlackElo "2409"]
[PlyCount "59"]
[EventDate "2019.05.18"]
[EventType "team-tourn"]
[EventRounds "11"]
[EventCountry "FRA"]
[SourceTitle "CBM 190 Extra"]
[Source "ChessBase"]
[SourceDate "2019.07.15"]
[SourceVersion "1"]
[SourceVersionDate "2019.07.15"]
[SourceQuality "1"]
[WhiteTeam "Bischwiller"]
[BlackTeam "Cannes"]
[WhiteTeamCountry "FRA"]
[BlackTeamCountry "FRA"]

1. Nf3 c5 2. c4 Nc6 3. d4 cxd4 4. Nxd4 e5 5. Nb5 d6 6. g3 Be6 7. N1a3 a6 8. Nc3 f5 9. Bg2 Nf6 10. 0-0 Be7 11. Nd5 0-0 12. Nb1 e4 13. Nbc3 b5 14. Bf4 b4 15. Na4 Ne5 16. Nxe7+ Qxe7 17. b3 Nfd7 18. Qd2 a5 19. Rad1 Ra6 20. f3 exf3 21. exf3 h6 22. Be3 Nf6 23. Rfe1 Qf7 24. Bd4 f4 25. Qxf4 g5 26. Qe3 Nfd7 27. Rf1 Qh5 28. f4 gxf4 29. gxf4 Bg4 30. Rde1 1-0

[Event "Francophone-ch blitz 5th"]
[Site "Cannes"]
[Date "2018.07.13"]
[Round "11"]
[White "Efimov, Igor"]
[Black "Giroyan, Gary"]
[Result "1-0"]
[WhiteElo "2433"]
[BlackElo "2407"]
[PlyCount "67"]
[EventDate "2018.07.13"]
[EventType "swiss (blitz)"]
[EventRounds "11"]
[EventCountry "FRA"]
[SourceTitle "CBM 185 Extra"]
[Source "ChessBase"]
[SourceDate "2018.07.29"]
[SourceVersion "1"]
[SourceVersionDate "2018.07.29"]
[SourceQuality "1"]

1. Nf3 c5 2. c4 Nc6 3. g3 g6 4. Bg2 Bg7 5. 0-0 d6 6. e3 Nh6 7. d4 0-0 8. d5 Ne5 9. Nxe5 Bxe5 10. Nc3 Nf5 11. Qc2 Bg7 12. b3 a6 13. Bb2 Bd7 14. a4 Rb8 15. Be4 e5 16. dxe6 fxe6 17. Rad1 Qe7 18. Ne2 Bxb2 19. Qxb2 b5 20. axb5 axb5 21. Qd2 Rb6 22. Ra1 Rfb8 23. Ra2 Bc6 24. Bxc6 Rxc6 25. Nc3 bxc4 26. bxc4 Rb4 27. Nd5 Qb7 28. Nxb4 cxb4 29. Rfa1 b3 30. Ra8+ Rc8 31. Rxc8+ Qxc8 32. Qb4 b2 33. Qxb2 Qxc4 34. Ra7 1-0

[Event "Francophone-ch blitz 5th"]
[Site "Cannes"]
[Date "2018.07.13"]
[Round "4"]
[White "Lagarde, Maxime"]
[Black "Giroyan, Gary"]
[Result "1-0"]
[WhiteElo "2615"]
[BlackElo "2407"]
[PlyCount "49"]
[EventDate "2018.07.13"]
[EventType "swiss (blitz)"]
[EventRounds "11"]
[EventCountry "FRA"]
[SourceTitle "CBM 185 Extra"]
[Source "ChessBase"]
[SourceDate "2018.07.29"]
[SourceVersion "1"]
[SourceVersionDate "2018.07.29"]
[SourceQuality "1"]

1. e4 e6 2. d4 d5 3. e5 c5 4. c3 Nc6 5. Nf3 Qb6 6. a3 Nh6 7. b4 cxd4 8. cxd4 Nf5 9. Be3 Bd7 10. Bd3 g6 11. Nc3 Be7 12. Na4 Qd8 13. Rc1 0-0 14. h4 h5 15. Nc5 a5 16. b5 Na7 17. a4 Rb8 18. Bg5 Nc8 19. Bxe7 Qxe7 20. Qd2 Be8 21. Bb1 Nb6 22. Qf4 Nc4 23. g4 Nh6 24. Qxh6 f6 25. gxh5 1-0

[Event "Cannes op 26th"]
[Site "Cannes"]
[Date "2014.07.09"]
[Round "4"]
[White "Robin, Samy"]
[Black "Giroyan, Gary"]
[Result "1/2-1/2"]
[WhiteElo "2278"]
[BlackElo "2361"]
[PlyCount "38"]
[EventDate "2014.07.07"]
[EventType "swiss"]
[EventRounds "9"]
[EventCountry "FRA"]
[SourceTitle "EXT 2015"]
[Source "ChessBase"]
[SourceDate "2014.11.20"]
[SourceVersion "1"]
[SourceVersionDate "2014.11.20"]
[SourceQuality "1"]

1. d4 e6 2. e4 d5 3. Nd2 Be7 4. exd5 exd5 5. Bd3 Bf6 6. Ngf3 Ne7 7. 0-0 0-0 8. Re1 Bf5 9. Nf1 Nbc6 10. Ng3 Bg6 11. c3 Re8 12. Bf4 Qd7 13. Be5 Bxe5 14. Nxe5 Nxe5 15. Rxe5 Bxd3 16. Qxd3 Ng6 17. Re2 Re6 18. Rxe6 Qxe6 19. Qe2 Qxe2 1/2-1/2

[Event "Cannes op 26th"]
[Site "Cannes"]
[Date "2014.07.07"]
[Round "1"]
[White "Giroyan, Gary"]
[Black "Ferrari, Louis"]
[Result "0-1"]
[WhiteElo "2361"]
[BlackElo "1952"]
[PlyCount "100"]
[EventDate "2014.07.07"]
[EventType "swiss"]
[EventRounds "9"]
[EventCountry "FRA"]
[SourceTitle "EXT 2015"]
[Source "ChessBase"]
[SourceDate "2014.11.20"]
[SourceVersion "1"]
[SourceVersionDate "2014.11.20"]
[SourceQuality "1"]

1. d4 d5 2. c4 c6 3. Nc3 Nf6 4. e3 a6 5. Bd3 b5 6. b3 Bg4 7. Nge2 e6 8. Qc2 Nbd7 9. 0-0 Bh5 10. Nf4 Bg6 11. Bxg6 hxg6 12. Nxg6 fxg6 13. Qxg6+ Ke7 14. cxd5 Qb8 15. g3 cxd5 16. e4 Qe8 17. Qxe8+ Rxe8 18. exd5 Nxd5 19. Ne4 N7f6 20. Ng5 Kd7 21. Nf3 Rh5 22. Ne5+ Kd8 23. g4 Rh7 24. Bg5 Ba3 25. Rfe1 Kc8 26. Re2 Kb7 27. f3 Nc3 28. Rc2 Nfd5 29. Re1 Bb4 30. Bd2 Rc8 31. Kg2 Rch8 32. Rh1 Ne2 33. Ng6 Bxd2 34. Rxd2 Nef4+ 35. Nxf4 Nxf4+ 36. Kg1 g5 37. Kf1 Rh3 38. Rf2 Rc8 39. Kg1 Rc1+ 40. Rf1 Rxf1+ 41. Kxf1 Rxf3+ 42. Ke1 Rd3 43. Kf2 Rxd4 44. h4 gxh4 45. Rxh4 Kb6 46. Rh7 Ng6 47. Kf3 Ne5+ 48. Ke3 Rxg4 49. Re7 Rg6 50. Ke4 Nc6 0-1

[Event "Cannes des Jeux op 28th"]
[Site "Cannes"]
[Date "2014.02.24"]
[Round "3"]
[White "Giroyan, Gary"]
[Black "Congiu, Mathilde"]
[Result "0-1"]
[WhiteElo "2392"]
[BlackElo "2250"]
[PlyCount "96"]
[EventDate "2014.02.23"]
[EventType "swiss"]
[EventRounds "9"]
[EventCountry "FRA"]
[SourceTitle "EXT 2015"]
[Source "ChessBase"]
[SourceDate "2014.11.20"]
[SourceVersion "1"]
[SourceVersionDate "2014.11.20"]
[SourceQuality "1"]

1. d4 Nf6 2. c4 g6 3. Nc3 Bg7 4. e4 d6 5. Nf3 0-0 6. Be2 e5 7. 0-0 Nc6 8. d5 Ne7 9. a4 a5 10. b3 Nh5 11. Ba3 b6 12. b4 f5 13. bxa5 Rxa5 14. Bb4 Ra8 15. a5 bxa5 16. Bxa5 fxe4 17. Nxe4 Bf5 18. Nfd2 Nf6 19. f3 Qb8 20. Kh1 Qa7 21. Nxf6+ Bxf6 22. Ne4 Bg7 23. Qd2 h6 24. Bc3 Qb7 25. c5 Rxa1 26. Rxa1 Bxe4 27. fxe4 dxc5 28. Bc4 Kh7 29. Qa2 Qb6 30. Rb1 Qd6 31. Rb7 Nc8 32. Ba5 Qf6 33. h3 Nd6 34. Rxc7 Nxe4 35. Be1 Rb8 36. Bd3 Nd6 37. Qa7 e4 38. Bxe4 Re8 39. Bh4 Qf8 40. Bd3 c4 41. Bxc4 Re4 42. Bg3 Nxc4 43. Rf7 Qg8 44. d6 Ne5 45. Rc7 Qf8 46. d7 Qf1+ 47. Qg1 Qd3 48. Bxe5 Rxe5 0-1